01183nam a2200253Ia 4500003000900000005001700009008004100026040003100067040001300098041000800111100002700119100001400146245005800160250000800218260003600226300001100262300001200273490002300285490000600308520040300314942001200717999001700729952018300746IT-RoPAU20220918175651.0120407s9999 xx 000 0 und d aIT-RoPAUc20130205112713.0 cIT-RoPAU aita aChiesa, Francesco9364 ccan.9365 aUn gran segreto di salute. bLa contrizione perfetta. aIII aPescarabEdizioni Paolinec1963 a105 p. c16,5 cm aUt innotescat, 41 vI aIndice Prefazione Il più gran male dei mali, e il suo rimedio La confessione sacramentale è l'unico mezzo per ottenere il perdono dei peccati? Che cos'é la contriziione perfetta Effetti della contrizione perfetta Mezzi per avere la contrizione perfetta Difficoltà ed obiezioni Il perchè della grande importanza dell'atto di contrizione perfetta e conclusioni pratiche  cBK2ddc c24175d24175 00102ddc406P_B571aPAULUSbPAULUSd2012-04-11l0oP B5r2012-04-11 00:00:00w2012-04-11yBKzInserito da: Sergio In data: 27 settembre 2011 fondo: Via A.Severo 56 Progr:35939